000 00737cam a2200253 4500500
005 20260405002230.0
041 _afre
042 _adc
100 1 0 _aKüntzle, Julia
_eauthor
245 0 0 _a“Less is more”. Décroissance à l’américaine
260 _c2016.
500 _a62
690 _aAmérique
690 _aBaudrillard
690 _aCapitalisme
690 _aDécroissance
690 _aÉtats-Unis
690 _aHenry David Thoreau
690 _aJean Baudrillard
690 _aThoreau
690 _aUtopie
786 0 _nPhilosophie magazine | 101 | 7 | 2016-07-01 | p. 16-19 | 1951-1787
856 4 1 _uhttps://shs.cairn.info/magazine-philosophie-magazine-2016-7-page-16?lang=fr&redirect-ssocas=7080
999 _c2055649
_d2055649